Madden covers since Madden 11 - Statistics

General Stats
  • This quiz has been taken 80 times
  • The average score is 8 of 14
Answers on the Grid
Answers color-coded by a green-red scale on the quiz's grid according to % correct below.
Aaron Rodgers
John Madden
Russell Wilson
Josh Allen
Leveon Bell
Antonio Brown
JJ Watt
Drew Brees
Travis Kelce
Justin Jefferson
Patrick Mahomes
Lamar Jackson
Peyton Manning
Tom Brady
CMC
Antonio Gates
Von Miller
Rob Gronkowski
Derrick Henry
Joe Burrow
Richard Sherman
Saquon Barkley
Deandre Hopkins
Odell Beckham
Darrell Revis
Barry Sanders
Aaron Donald
Calvin Johnson
Julio Jones
Peyton Hillis
 
Answer Stats
Answer % Correct
CMC
70%
Josh Allen
70%
Tom Brady
70%
John Madden
68%
Patrick Mahomes
68%
Antonio Brown
65%
Rob Gronkowski
63%
Lamar Jackson
58%
Odell Beckham
58%
Peyton Hillis
48%
Calvin Johnson
40%
Richard Sherman
38%
Barry Sanders
30%
Drew Brees
30%
No matching quizzes found
Score Distribution
Percent of People with Each Score
Percentile by Number Answered
Your Score History
You have not taken this quiz